| 000 | 00911 a2200277 4500 | ||
|---|---|---|---|
| 260 | _aDakar | ||
| 111 | _d12-14/10/1997 | ||
| 630 | _a65 - Gestion et organisation de lindustrie, du commerce, de la communication et des transports | ||
| 111 | _cDakar, Sénégal | ||
| 037 | _b1, Achat | ||
| 650 | _a6 - SCIENCES APPLIQUEES | ||
| 260 | _bConseil pour le développement de la recherche en sciences sociales en Afrique | ||
| 245 | _aFinancement et gestion financière de l'éducation en Afrique | ||
| 300 | _a189 p. | ||
| 650 | _aEducation : financement | ||
| 650 | _aEducation : gestion financière | ||
| 260 | _c1999 | ||
| 300 | _b22cm | ||
| 100 | _lFr | ||
| 037 | _aDE 8888 | ||
| 700 | _aéd., Noumon, Rémy Coffi | ||
| 111 | _aSéminaire panafricain [sur le thème] <<Financement et gestion financière de l'éducation en Afrique>> | ||
| 440 | _x0850-6736 | ||
| 999 |
_c41974 _d41974 |
||